C.Language and Numerical Method (Record no. 4832)

MARC details
000 -LEADER
fixed length control field 00374nam a2200157Ia 4500
008 - FIXED-LENGTH DATA ELEMENTS--GENERAL INFORMATION
fixed length control field 230524s9999 xx 000 0 und d
020 ## - INTERNATIONAL STANDARD BOOK NUMBER
ISBN 8122411746
082 ## - DEWEY DECIMAL CLASSIFICATION NUMBER
Item number XAV
100 ## - MAIN ENTRY--AUTHOR NAME
Personal name C.Xavier
245 #0 - TITLE STATEMENT
Title C.Language and Numerical Method
260 ## - PUBLICATION, DISTRIBUTION, ETC. (IMPRINT)
Place of publication CALCUTTA
Name of publisher Newage
Year of publication 1999
300 ## - PHYSICAL DESCRIPTION
Number of Pages XII;553
500 ## - GENERAL NOTE
General note Quantity Number: 1
650 ## - SUBJECT ADDED ENTRY--TOPICAL TERM
Topical Term Comp-Sc
942 ## - ADDED ENTRY ELEMENTS (KOHA)
Koha item type Books
Holdings
Lost status Damaged status Permanent Location Current Location Shelving location Date acquired Full call number Accession Number Koha item type
    Central Library, Trident Academy of Technology Central Library, Trident Academy of Technology General Stacks 05/24/2023 XAV 4322 Books
Trident Academy of Technology © 2023.
All rights reserved.                                                                                                                                                                                                        Designed by Team of Central Library .

Powered by Koha